Formulation de la politique rurale : nouvelles tendances.

Αποθηκεύτηκε σε:
Λεπτομέρειες βιβλιογραφικής εγγραφής
Συγγραφή απο Οργανισμό/Αρχή: Organisation for Economic Co-operation and Development
Μορφή: Βιβλίο
Γλώσσα:French
Δημοσίευση: Paris : Organisation de Cooperation et de Developpement Economiques, 1988.
Θέματα:
Ετικέτες: Προσθήκη ετικέτας
Δεν υπάρχουν, Καταχωρήστε ετικέτα πρώτοι!

MARC

LEADER 00000cam a2200000 i 4500
001 1/908
008 950705s1988 fr | ||| |||| ||fre||
020 |a 9264231358 
035 |l 10014247 
040 |a GR-MyUa  |b gre  |e AACR2 
041 0 |a fre 
082 7 |a 338.9   |2 (22) 
245 0 0 |a Formulation de la politique rurale :   |b nouvelles tendances.  
260 |a Paris :   |b Organisation de Cooperation et de Developpement Economiques,   |c 1988. 
300 |a 177 σ. ;   |c 23 εκ. 
650 0 0 |a Rural development. 
650 0 0 |a Regional planning. 
710 2 |a Organisation for Economic Co-operation and Development. 
852 |a INST  |b LESVOS  |e 19950705  |h 338.9 FOR  |p 005100007970  |q 005100007970  |t BK  |y 0 
922 |a 1ΕΛΗ  |b 199301  |c ΠΠ/2159